|
|
|
|
| LEADER |
01151nam a2200289 a 4500 |
| 001 |
17552 |
| 003 |
BD-DhAAL |
| 005 |
20190403105933.0 |
| 008 |
140610s1991 nyu b 001 0 eng |
| 999 |
|
|
|c 14412
|d 14412
|
| 010 |
|
|
|a 90055686
|
| 020 |
|
|
|a 0679733825 (pbk. : acidfree paper) :
|
| 040 |
|
|
|a DLC
|c DLC
|d DLC
|d BD-DhAAL
|
| 050 |
0 |
0 |
|a PS509.N3
|b S5 1991
|
| 082 |
0 |
0 |
|a 810.8036
|2 20
|
| 245 |
0 |
0 |
|a Sisters of the Earth :
|b women's prose and poetry about nature /
|c edited and with a preface by Lorraine Anderson.
|
| 250 |
|
|
|a 1st ed.
|
| 260 |
|
|
|a New York :
|b Vintage Books,
|c 1991.
|
| 300 |
|
|
|a xviii, 426 p. ;
|c 21 cm.
|
| 500 |
|
|
|a "A Vintage original"--T.p. verso.
|
| 504 |
|
|
|a Includes bibliographical references (p. 373-410) and index.
|
| 541 |
|
|
|e 17552
|
| 650 |
|
0 |
|a Nature
|x Literary collections.
|9 4836
|
| 650 |
|
0 |
|a American literature
|x Women authors.
|9 4415
|
| 700 |
1 |
|
|a Anderson, Lorraine,
|d 1952-
|9 4837
|
| 942 |
|
|
|2 ddc
|c BK
|
| 952 |
|
|
|0 0
|1 0
|2 ddc
|4 0
|6 810_803600000000000_SIS
|7 0
|9 24412
|a BRACUL
|b BRACUL
|c GEN
|d 2014-06-10
|l 0
|o 810.8036 SIS
|p 3010017552
|r 2014-06-10
|t 1
|w 2014-06-10
|y BK
|x Transferred from ENH to Ayesha Abed library on 20/12/2023
|